Personnages importants de GTO (en images) - Statistiques

Statistiques générales
  • Ce quiz a été pris 20 fois
  • Le résultat moyen est 5 sur 14
Statistiques - réponses
Par images Réponse % Correct
Eikichi Onizuka
100%
Kunio Murai
53%
Tomoko Nomura
47%
Urumi Kanzaki
47%
Azusa Fuyutsuki
42%
Noboru Yoshikawa
37%
Ryuji Danma
37%
Miyabi Aizawa
32%
Yoshito Kikuchi
32%
Anko Uehara
26%
Hajime Fukuroda
21%
Hiroshi Ushiyamada
21%
Nao Kadena
16%
Ryoko Sakurai
16%
Aucun quiz correspondant
Distribution des résultats
% des personnes avec chaque résultat
Percentile par nombre de réponses
Votre historique - résultats
Vous n’avez pas pris ce quiz